<?xml version="1.0" encoding="UTF-8"?>
<record
    xmlns:xsi="http://www.w3.org/2001/XMLSchema-instance"
    xsi:schemaLocation="http://www.loc.gov/MARC21/slim http://www.loc.gov/standards/marcxml/schema/MARC21slim.xsd"
    xmlns="http://www.loc.gov/MARC21/slim">

  <leader>01497nam a2200445 a 4500</leader>
  <controlfield tag="008">110706s2009    ag il. f |||| 001 0 spa d</controlfield>
  <datafield tag="020" ind1=" " ind2=" ">
    <subfield code="a">9789500604444</subfield>
  </datafield>
  <datafield tag="041" ind1=" " ind2=" ">
    <subfield code="a">spa</subfield>
  </datafield>
  <datafield tag="092" ind1=" " ind2=" ">
    <subfield code="c">618.55</subfield>
    <subfield code="l">5</subfield>
    <subfield code="s">AZZ</subfield>
  </datafield>
  <datafield tag="100" ind1="1" ind2=" ">
    <subfield code="a">Azzato, Francisco</subfield>
    <subfield code="9">119</subfield>
  </datafield>
  <datafield tag="245" ind1=" " ind2=" ">
    <subfield code="a">Abdomen agudo /</subfield>
    <subfield code="c">Francisco Azzato</subfield>
  </datafield>
  <datafield tag="250" ind1=" " ind2=" ">
    <subfield code="a">1a ed. 1a reimp.</subfield>
  </datafield>
  <datafield tag="260" ind1=" " ind2=" ">
    <subfield code="a">Buenos Aires:</subfield>
    <subfield code="b">Editorial M&#xE9;dica Panamericana;</subfield>
    <subfield code="c">2009.</subfield>
  </datafield>
  <datafield tag="300" ind1=" " ind2=" ">
    <subfield code="a">210 p.</subfield>
  </datafield>
  <datafield tag="500" ind1=" " ind2=" ">
    <subfield code="a">Azzato, F. y Waisman, H. J. ( 2009). Abdomen agudo. (1a ed.). Buenos Aires : Editorial M&#xE9;dica Panamericana.</subfield>
  </datafield>
  <datafield tag="590" ind1=" " ind2=" ">
    <subfield code="a">Compra FACIMED, Junio 2011</subfield>
  </datafield>
  <datafield tag="653" ind1=" " ind2=" ">
    <subfield code="a">Fisiopatolog&#xED;a de los s&#xED;ntomas y signos</subfield>
  </datafield>
  <datafield tag="653" ind1=" " ind2=" ">
    <subfield code="a">Anamnesis</subfield>
  </datafield>
  <datafield tag="653" ind1=" " ind2=" ">
    <subfield code="a">Examen f&#xED;sico</subfield>
  </datafield>
  <datafield tag="653" ind1=" " ind2=" ">
    <subfield code="a">Ex&#xE1;menes complementarios</subfield>
  </datafield>
  <datafield tag="653" ind1=" " ind2=" ">
    <subfield code="a">Peritonitis aguda</subfield>
  </datafield>
  <datafield tag="653" ind1=" " ind2=" ">
    <subfield code="a">Apendicitis aguda</subfield>
  </datafield>
  <datafield tag="653" ind1=" " ind2=" ">
    <subfield code="a">Ulcera perforada</subfield>
  </datafield>
  <datafield tag="653" ind1=" " ind2=" ">
    <subfield code="a">Colecistitis aguda</subfield>
  </datafield>
  <datafield tag="653" ind1=" " ind2=" ">
    <subfield code="a">Diverticulitis aguda</subfield>
  </datafield>
  <datafield tag="653" ind1=" " ind2=" ">
    <subfield code="a">Obstrucci&#xF3;n intestinal</subfield>
  </datafield>
  <datafield tag="653" ind1=" " ind2=" ">
    <subfield code="a">Pancreatitis aguda</subfield>
  </datafield>
  <datafield tag="653" ind1=" " ind2=" ">
    <subfield code="a">Addomen agudo vascular</subfield>
  </datafield>
  <datafield tag="653" ind1=" " ind2=" ">
    <subfield code="a">Abdomen agudo ginecol&#xF3;gico</subfield>
  </datafield>
  <datafield tag="653" ind1=" " ind2=" ">
    <subfield code="a">Abdomen agudo urol&#xF3;gico</subfield>
  </datafield>
  <datafield tag="653" ind1=" " ind2=" ">
    <subfield code="a">Abdomen agudo posoperatorio</subfield>
  </datafield>
  <datafield tag="653" ind1=" " ind2=" ">
    <subfield code="a">Abdomen agudo m&#xE9;dico</subfield>
  </datafield>
  <datafield tag="653" ind1=" " ind2=" ">
    <subfield code="a">Cl&#xED;nica proped&#xE9;utica</subfield>
  </datafield>
  <datafield tag="653" ind1=" " ind2=" ">
    <subfield code="a">Abdomen agudo en pediatr&#xED;a</subfield>
  </datafield>
  <datafield tag="653" ind1=" " ind2=" ">
    <subfield code="a">Traumatismo abdominal</subfield>
  </datafield>
  <datafield tag="653" ind1=" " ind2=" ">
    <subfield code="a">Abdomen agudo en el paciente inmunocomprometido</subfield>
  </datafield>
  <datafield tag="653" ind1=" " ind2=" ">
    <subfield code="a">Evaluaci&#xF3;n y manejo del riesgo perioperatorio</subfield>
  </datafield>
  <datafield tag="700" ind1="1" ind2=" ">
    <subfield code="a">Waisman, Hip&#xF3;lito Jorge</subfield>
    <subfield code="9">120</subfield>
  </datafield>
  <datafield tag="942" ind1=" " ind2=" ">
    <subfield code="2">ddc</subfield>
    <subfield code="c">BK</subfield>
  </datafield>
  <datafield tag="999" ind1=" " ind2=" ">
    <subfield code="c">873</subfield>
    <subfield code="d">873</subfield>
  </datafield>
  <datafield tag="952" ind1=" " ind2=" ">
    <subfield code="0">0</subfield>
    <subfield code="1">0</subfield>
    <subfield code="2">ddc</subfield>
    <subfield code="4">0</subfield>
    <subfield code="7">0</subfield>
    <subfield code="8">REF</subfield>
    <subfield code="a">BFM</subfield>
    <subfield code="b">BFM</subfield>
    <subfield code="c">REF</subfield>
    <subfield code="d">2011-07-06</subfield>
    <subfield code="l">5</subfield>
    <subfield code="o">617.55 5 AZZ</subfield>
    <subfield code="p">2403</subfield>
    <subfield code="r">2016-04-04</subfield>
    <subfield code="s">2016-04-01</subfield>
    <subfield code="t">ej.1</subfield>
    <subfield code="w">2011-07-06</subfield>
    <subfield code="y">REF</subfield>
    <subfield code="z">LIBRO DE CONSULTA</subfield>
    <subfield code="f"></subfield>
  </datafield>
  <datafield tag="952" ind1=" " ind2=" ">
    <subfield code="0">0</subfield>
    <subfield code="1">0</subfield>
    <subfield code="2">ddc</subfield>
    <subfield code="4">0</subfield>
    <subfield code="7">0</subfield>
    <subfield code="a">BFM</subfield>
    <subfield code="b">BFM</subfield>
    <subfield code="c">CR</subfield>
    <subfield code="d">2012-10-10</subfield>
    <subfield code="l">76</subfield>
    <subfield code="m">21</subfield>
    <subfield code="o">617.55 5 AZZ</subfield>
    <subfield code="p">2642</subfield>
    <subfield code="r">2023-09-01</subfield>
    <subfield code="s">2023-08-29</subfield>
    <subfield code="t">ej.2</subfield>
    <subfield code="w">2012-10-10</subfield>
    <subfield code="y">BK</subfield>
    <subfield code="z">Compra PROMED, OCTUBRE  2012. Sede Tordos.</subfield>
    <subfield code="f"></subfield>
  </datafield>
  <datafield tag="952" ind1=" " ind2=" ">
    <subfield code="0">0</subfield>
    <subfield code="1">0</subfield>
    <subfield code="2">ddc</subfield>
    <subfield code="4">0</subfield>
    <subfield code="7">0</subfield>
    <subfield code="a">BFM</subfield>
    <subfield code="b">BFM</subfield>
    <subfield code="c">CR</subfield>
    <subfield code="d">2012-10-10</subfield>
    <subfield code="l">66</subfield>
    <subfield code="m">19</subfield>
    <subfield code="o">617.55 5 AZZ</subfield>
    <subfield code="p">2643</subfield>
    <subfield code="r">2024-09-17</subfield>
    <subfield code="s">2024-09-06</subfield>
    <subfield code="t">ej.3</subfield>
    <subfield code="w">2012-10-10</subfield>
    <subfield code="y">BK</subfield>
    <subfield code="z">Compra PROMED, OCTUBRE  2012. Sede Tordos.</subfield>
    <subfield code="f"></subfield>
  </datafield>
  <datafield tag="952" ind1=" " ind2=" ">
    <subfield code="0">0</subfield>
    <subfield code="1">0</subfield>
    <subfield code="2">ddc</subfield>
    <subfield code="4">0</subfield>
    <subfield code="7">0</subfield>
    <subfield code="8">NFIC</subfield>
    <subfield code="a">BFM</subfield>
    <subfield code="b">BFM</subfield>
    <subfield code="c">CR</subfield>
    <subfield code="d">2024-03-15</subfield>
    <subfield code="e">Donacion Fernando Brito Mar/24</subfield>
    <subfield code="l">1</subfield>
    <subfield code="m">1</subfield>
    <subfield code="o">617.55 5 AZZ</subfield>
    <subfield code="p">4886</subfield>
    <subfield code="r">2026-03-19</subfield>
    <subfield code="s">2026-03-11</subfield>
    <subfield code="t">Ej.4</subfield>
    <subfield code="w">2024-03-15</subfield>
    <subfield code="y">BK</subfield>
    <subfield code="z">Donacion Fernando Brito Marzo 2024</subfield>
    <subfield code="f"></subfield>
  </datafield>
</record>
